Województwa II Rzeczypospolitej - Statystyki

Ogólne statystyki
  • Ten quiz został rozwiązany 27 razy
  • Średni wynik to 14 z 17
Statystyki odpowiedzi
Obrazkowy Odpowiedź % Poprawnych
krakowskie
96%
lwowskie
96%
pomorskie
91%
warszawskie
91%
poznańskie
87%
śląskie
87%
wileńskie
87%
kieleckie
83%
lubelskie
83%
poleskie
78%
warszawa
78%
wołyńskie
78%
łódzkie
74%
tarnopolskie
74%
białostockie
70%
nowogródzkie
70%
stanisławowskie
70%
Nie znaleziono quizów pasujących do podanych kryteriów
Rozkład punktacji
Procent ludzi z każdym wynikiem
Percentyl według liczby udzielonych odpowiedzi
Twoja historia wyników
Nie rozwiązałeś tego quizu